Entry Konu Terimi
001 - KONTROL NUMARASI
- Kontrol alanı: 148443
003 - KONTROL NUMARASI KİMLİĞİ
- Kontrol alanı: TR-BiSEU
005 - SON İŞLEM TARİHİ VE ZAMANI
- Kontrol alanı: 20260207005145.0
008 - SABİT UZUNLUKTAKİ VERİ ÖGELERİ - GENEL BİLGİ
- Sabit uzunlukta kontrol alanı: 260207|| aca||aabn | a|a d
040 ## - KATALOGLAMA KAYNAĞI
- Özgün kataloglama kurumu: TR-BiSEU
- Çeviri kurumu: TR-BiSEU
150 ## - KONU BAŞLIKLARI - KONU TERİMİ
- Konu terimi: Communication, intercultural, sociolinguistics.Verbal communication--Language use.Perspectives on language and communication research.Cultural patterns of behavior.Holistic analysis method
670 ## - BİLGİNİN KAYNAĞI
- Bilginin alındığı kaynak: KOHA: (TR-BiSEU)74338: Oksaar, Els. 148437, Kültürlerarası iletişim bağlamında kültür kuramı/
